1475 1663 1041 1643 1847 1484 1798 1955 1504 1900 1129 1915 1703 1329 1206 1917 1980 1699 1601 1232 1897 1848 1816 1169 1758 1879 1907 1289 1407 1670 1267 1296 1166 1268 1336 1215 1217 1928 1866 1352 1164 1511 1023 1681 1418 1045 1937 1933 1335 1871 1702 1905 1148 1953 1929 1637 1536 1165 1949 1992 1196 1052 1377 1237 1186 1385 1193 1808 1122 1356 1066 1144 1141 1162 1155 1456 1190 1484 1493 1281 1830 1567 1957 1365 1134 1129 1714 1804 1582 1946 1120 1088 1911 1880 1294 1082 1828 1146 1023 BCNSPRNW ULIB Ver.6.0+V

เปลี่ยนเป็นภาษาไทย

Change to English
 แสดงรายละเอียดบรรณานุกรม
  กลับหน้าหลัก

Brief Record : Get Marc (ISO 2709) : E-mail record : QR code < ปิดหน้าต่าง
LEADER : 00000nam 2200000uu 4500
001    13399114992
003     ULIB
008    120627s2552||||th 000 0 tha d
020    ^a9786160600519
090    ^aนว.^bม576L 2552
100 0  ^aมิ้นตี้
245 00 ^aLittle Belief ภารกิจลับปลุกชีพจรรัก/^cมิ้นตี้
250    ^aพิมพ์ครั้งที่ 1
260    ^aกรุงเทพฯ :^bแจ่มใส,^c2552
300    ^a209 หน้า
710 1  ^aแจ่มใส
945    ^p159^l0^i16302
995    ^aกัณชพร
999    ^aใช้งานได้ทุกระบบ
รายการนี้ยังไม่มีแท็ก
คุณยังไม่ได้ล็อกอิน คุณสามารถมีกิจกรรมร่วมกับเว็บไซต์ได้ แต่ต้องล็อกอินก่อน ::
  ล็อกอิน

รายการสื่อสารสนเทศ

ลำดับที่ ประเภท เลขเรียก/บาร์โค้ด สถานที่ สถานะ
- ไม่พบข้อมูล -

รายการใกล้เคียง
    ผู้แต่ง [มิ้นตี้]

BibComment


ยังไม่เคยถูกคอมเมนท์

คอมเมนท์ทรัพยากรรายการนี้
  คอมเมนท์: Little Belief ภา..


 Copyright 2026. Bcnsprnw @Library